[Event "23rd Chicago Open"]
[Site "Wheeling, IL"]
[Date "2014.05.22"]
[Round "1.7"]
[White "Jimenez, Fidel"]
[Black "Menon, Gopal"]
[Result "0-1"]
[WhiteElo "2577"]
[BlackElo "2246"]
[PlyCount "92"]
[EventDate "2014.05.??"]
[EventRounds "9"]
[EventCountry "USA"]
[SourceDate "2014.01.04"]

1. e4 c5 2. Nf3 d6 3. d4 cxd4 4. Nxd4 Nf6 5. Nc3 a6 6. Be3 e6 7. Qd2 b5 8. f3
Nbd7 9. g4 h6 10. O-O-O b4 11. Nce2 d5 12. exd5 Nxd5 13. Nf4 Nxf4 14. Bxf4 Bc5
15. Nb3 Be7 16. Bd3 Bb7 17. Be4 Bxe4 18. fxe4 Nc5 19. Qe2 Qb6 20. h4 a5 21. Kb1
a4 22. Nxc5 Bxc5 23. g5 hxg5 24. Bxg5 b3 25. cxb3 axb3 26. a3 O-O 27. h5 Bxa3
28. bxa3 Rxa3 29. Bf6 b2 30. Bxb2 Qb3 31. Rh2 Rc8 32. Qc2 Rxc2 33. Rxc2 Ra1+
34. Kxa1 Qxc2 35. Rd4 e5 36. Rb4 Qd1+ 37. Ka2 Qxh5 38. Kb3 f6 39. Kc4 Qd1 40.
Kc5 g5 41. Ba3 g4 42. Kc6 Qd3 43. Rb8+ Kf7 44. Rf8+ Kg7 45. Be7 Qxe4+ 46. Kd6
Qf5 0-1

[Event "23rd Chicago Open"]
[Site "Wheeling, IL"]
[Date "2014.05.22"]
[Round "1.11"]
[White "Margvelashvili, Giorgi"]
[Black "Aripov, Iskandar"]
[Result "1-0"]
[WhiteElo "2550"]
[BlackElo "2231"]
[PlyCount "87"]
[EventDate "2014.05.??"]
[EventRounds "9"]
[EventCountry "USA"]
[SourceDate "2014.01.04"]

1. Nf3 d5 2. c4 c6 3. g3 Nf6 4. Bg2 Bf5 5. cxd5 cxd5 6. Qb3 Qc8 7. Nc3 e6 8.
O-O Nc6 9. d3 Be7 10. Bf4 O-O 11. Rac1 Qd7 12. e4 Bg4 13. Ne5 Nxe5 14. Bxe5
dxe4 15. dxe4 Bd6 16. Bxd6 Qxd6 17. h3 Bh5 18. f4 Qd3 19. Kh2 Be2 20. Nxe2 Qxe2
21. Rc2 Qa6 22. Rd1 Rac8 23. Rcd2 Rc6 24. e5 Rb6 25. Qd3 Qxd3 26. Rxd3 Nd5 27.
Bxd5 exd5 28. b3 Ra6 29. R1d2 Rd8 30. g4 f6 31. exf6 Rxf6 32. Kg3 Rfd6 33. f5
Kf7 34. Kf4 R6d7 35. g5 d4 36. Rc2 Re8 37. Rc4 Red8 38. Rc5 h6 39. g6+ Kf6 40.
Re5 Rd6 41. Re4 b6 42. Rd1 d3 43. Rxd3 R8d7 44. Rd5 1-0

[Event "23rd Chicago Open"]
[Site "Wheeling, IL"]
[Date "2014.05.22"]
[Round "1.12"]
[White "King, Alexander"]
[Black "Hoyos, Manuel"]
[Result "1/2-1/2"]
[WhiteElo "2231"]
[BlackElo "2525"]
[PlyCount "146"]
[EventDate "2014.05.??"]
[EventRounds "9"]
[EventCountry "USA"]
[SourceDate "2014.01.04"]

1. d4 Nf6 2. c4 c5 3. d5 b5 4. cxb5 a6 5. e3 Bb7 6. Nc3 Qa5 7. Bd2 axb5 8. Bxb5
Qb6 9. Bc4 e6 10. Nge2 exd5 11. Qb3 Qxb3 12. Bxb3 Na6 13. O-O Nc7 14. Rfd1 Bd6
15. Be1 O-O 16. f3 Rfe8 17. Bf2 Rab8 18. Rd2 Bc6 19. Rc1 Rb4 20. Bd1 Ne6 21.
Bb3 Nc7 22. Bd1 Reb8 23. b3 Re8 24. Bc2 Ne6 25. Rdd1 Be5 26. Bd3 Ra8 27. Be1
Rb7 28. Bg3 Bxg3 29. hxg3 d4 30. exd4 cxd4 31. Na4 Rb4 32. Bc2 Bxa4 33. bxa4
Rb2 34. Nxd4 Rxa2 35. Bb3 Rb2 36. Rc2 Rxc2 37. Bxc2 Kf8 38. Nf5 Rc8 39. Ne3 d5
40. Bf5 Rc5 41. Ng4 Nxg4 42. Bxg4 Ra5 43. Bf5 Ke7 44. Kf2 Kd6 45. Bc2 Kc5 46.
Bb3 Nd4 47. Rc1+ Kd6 48. Bd1 Nc6 49. f4 Ra8 50. Rb1 Ra7 51. Rb5 Ne7 52. Ke3 Rc7
53. Kd3 Rc1 54. Bf3 Ra1 55. Rb6+ Kc7 56. Ra6 h6 57. Ra8 g5 58. Kd4 Kd6 59. Rd8+
Ke6 60. Ra8 Nf5+ 61. Kc5 Rc1+ 62. Kb4 Rc4+ 63. Ka3 gxf4 64. gxf4 Rxf4 65. Re8+
Kd7 66. Re5 Ne7 67. Rh5 d4 68. Rxh6 d3 69. Kb3 Nf5 70. Rh1 Ne3 71. Kc3 Rxa4 72.
Kxd3 Nf5 73. Rb1 Kd6 1/2-1/2

[Event "23rd Chicago Open"]
[Site "Wheeling, IL"]
[Date "2014.05.22"]
[Round "1.14"]
[White "Yanayt, Eugene"]
[Black "Perelshteyn, Eugene"]
[Result "0-1"]
[WhiteElo "2226"]
[BlackElo "2513"]
[PlyCount "48"]
[EventDate "2014.05.??"]
[EventRounds "9"]
[EventCountry "USA"]
[SourceDate "2014.01.04"]

1. d4 Nf6 2. c4 e6 3. g3 Bb4+ 4. Bd2 Qe7 5. Bg2 Nc6 6. e3 e5 7. d5 Nb8 8. Ne2
Bxd2+ 9. Qxd2 d6 10. Nbc3 O-O 11. O-O e4 12. h3 Bf5 13. g4 Bg6 14. g5 Nh5 15.
Nf4 Qxg5 16. Nxg6 Qxg6 17. Nxe4 f5 18. Nc3 f4 19. Kh2 Nd7 20. Rg1 Ne5 21. b3
Qh6 22. Ne4 Ng4+ 23. hxg4 Ng3+ 24. Bh3 Nxe4 0-1

[Event "23rd Chicago Open"]
[Site "Wheeling, IL"]
[Date "2014.05.22"]
[Round "1.15"]
[White "Mitkov, Nikola"]
[Black "Tang, Andrew"]
[Result "1-0"]
[WhiteElo "2511"]
[BlackElo "2219"]
[PlyCount "153"]
[EventDate "2014.05.??"]
[EventRounds "9"]
[EventCountry "USA"]
[SourceDate "2014.01.04"]

1. e4 e5 2. Bc4 Nc6 3. Nc3 Nf6 4. d3 Na5 5. Nge2 Bc5 6. O-O O-O 7. Ng3 c6 8.
Qe2 Re8 9. h3 d5 10. Bb3 Nxb3 11. axb3 h6 12. Nd1 Be6 13. Ne3 g6 14. Nd1 Kg7
15. exd5 cxd5 16. Qxe5 Bxh3 17. Qc3 Qd6 18. d4 Bb4 19. Qd3 Bd7 20. c3 Qb6 21.
cxb4 Bb5 22. Qd2 Bxf1 23. Nxf1 h5 24. Nc3 Qxb4 25. Qh6+ Kg8 26. Qf4 Re6 27. Ne3
Rc8 28. Rxa7 Qxb3 29. Ra3 Qb6 30. Na4 Qb4 31. Nc5 Rec6 32. Nc2 Qc4 33. Rc3 Qe2
34. Qd2 Re8 35. Ne3 Qxd2 36. Bxd2 Re7 37. f3 Kg7 38. Kf2 b6 39. Na4 Rxc3 40.
Nxc3 Rd7 41. Nc2 Ng8 42. Na4 Ne7 43. Nxb6 Rb7 44. Na4 f6 45. Bc3 g5 46. Nc5 Rb8
47. Ne3 Kf7 48. Nd3 Ke6 49. Ke2 h4 50. Bb4 Nc6 51. Nc5+ Kf7 52. Bc3 Ne7 53. Ng4
Nc6 54. Nd7 Re8+ 55. Kd3 f5 56. Ne3 Rd8 57. Nc5 Kf6 58. b4 Na7 59. Bd2 Nb5 60.
Na4 Nc7 61. Nc3 Ke6 62. Be1 Rh8 63. Ke2 h3 64. gxh3 Rxh3 65. b5 Kd7 66. Nxf5
Rh8 67. Bg3 Ne6 68. Nxd5 Rf8 69. Nde7 Ra8 70. Nc6 Ra2+ 71. Kd3 Ra3+ 72. Kc4 Ra1
73. Ne5+ Kc8 74. b6 Kb7 75. Kd5 Nd8 76. Nc4 Rf1 77. Bc7 1-0

[Event "23rd Chicago Open"]
[Site "Wheeling, IL"]
[Date "2014.05.22"]
[Round "1.19"]
[White "Troff, Kayden"]
[Black "Markzon, Gregory"]
[Result "1-0"]
[WhiteElo "2484"]
[BlackElo "2205"]
[PlyCount "67"]
[EventDate "2014.05.??"]
[EventRounds "9"]
[EventCountry "USA"]
[SourceDate "2014.01.04"]

1. d4 Nf6 2. c4 g6 3. Nc3 Bg7 4. e4 d6 5. Nf3 O-O 6. Be2 e5 7. O-O exd4 8. Nxd4
Re8 9. f3 c6 10. Nc2 Na6 11. Be3 d5 12. cxd5 cxd5 13. Qd2 Be6 14. e5 Nd7 15. f4
Nb6 16. b3 Bf8 17. Bb5 Re7 18. f5 Bxf5 19. Bg5 Bxc2 20. Qxc2 Nc7 21. Rad1 Rc8
22. Qf2 Bg7 23. Qh4 Nxb5 24. Bxe7 Qe8 25. Nxb5 Qxb5 26. Bd6 Re8 27. Rc1 Nc8 28.
Qf2 Nxd6 29. exd6 f5 30. Rfe1 Re4 31. Rxe4 dxe4 32. Rc8+ Kf7 33. Rc7+ Kf8 34.
Qxa7 1-0

[Event "23rd Chicago Open"]
[Site "Wheeling, IL"]
[Date "2014.05.22"]
[Round "1.20"]
[White "Haessel, Dale"]
[Black "Gurevich, Dmitry"]
[Result "0-1"]
[WhiteElo "2181"]
[BlackElo "2475"]
[PlyCount "70"]
[EventDate "2014.05.??"]
[EventRounds "9"]
[EventCountry "USA"]
[SourceDate "2014.01.04"]

1. Nf3 Nf6 2. c4 c5 3. Nc3 b6 4. g3 Bb7 5. Bg2 g6 6. O-O Bg7 7. Re1 d5 8. d4
dxc4 9. dxc5 O-O 10. Qa4 bxc5 11. Qxc4 Nbd7 12. Bf4 Qb6 13. e4 Qb4 14. Nd2 Nb6
15. Qb3 Nfd7 16. Nd5 Nxd5 17. exd5 Rfe8 18. Rac1 Nb6 19. Rc2 Qxb3 20. Nxb3 c4
21. Na5 Bxd5 22. Bxd5 Nxd5 23. Be5 Nb4 24. Rxc4 Nd3 25. Bxg7 Nxe1 26. Bc3 Nd3
27. Rc7 Rac8 28. Rxa7 Ra8 29. Rc7 Nxb2 30. Nc6 Nd1 31. Bd4 Rxa2 32. Nxe7+ Kf8
33. Nd5 Rd2 34. Bc5+ Kg7 35. Ne3 Nxf2 0-1

[Event "23rd Chicago Open"]
[Site "Wheeling, IL"]
[Date "2014.05.23"]
[Round "2.1"]
[White "Xiong, Jeffrey"]
[Black "Sargissian, Gabriel"]
[Result "1/2-1/2"]
[WhiteElo "2412"]
[BlackElo "2684"]
[PlyCount "106"]
[EventDate "2014.05.??"]
[EventRounds "9"]
[EventCountry "USA"]
[SourceDate "2014.01.04"]

1. e4 e5 2. Nf3 Nc6 3. Bb5 a6 4. Ba4 Nf6 5. O-O Be7 6. Re1 b5 7. Bb3 O-O 8. d4
d6 9. c3 Bg4 10. Be3 exd4 11. cxd4 d5 12. e5 Ne4 13. h3 Bh5 14. Nbd2 Qd7 15. g4
Bg6 16. Rc1 Na5 17. Nxe4 Nxb3 18. Qxb3 dxe4 19. e6 Qxe6 20. Qxe6 fxe6 21. Ne5
Bd6 22. Nxg6 hxg6 23. Bg5 Rf3 24. Rxe4 Rxh3 25. Rxe6 Kf7 26. Re4 Re8 27. Rxe8
Kxe8 28. Kg2 Rh2+ 29. Kf3 Kd7 30. Re1 a5 31. Be3 Rh8 32. Ke4 a4 33. Rc1 Rh4 34.
Rg1 Rh8 35. Rc1 c6 36. Kd3 Rh4 37. Rg1 Rh8 38. Rc1 Be7 39. Bf4 Rh4 40. f3 Rh8
41. Be5 Bf6 42. Rc2 Rh1 43. f4 g5 44. Bxf6 gxf6 45. fxg5 fxg5 46. Rc5 Rh2 47.
Kc3 Rh3+ 48. Kc2 a3 49. bxa3 Rxa3 50. d5 Kd6 51. Rxc6+ Kxd5 52. Rg6 Rxa2+ 53.
Kb3 Rg2 1/2-1/2

[Event "23rd Chicago Open"]
[Site "Wheeling, IL"]
[Date "2014.05.23"]
[Round "2.2"]
[White "Harmon Vellotti, Luke"]
[Black "Erenburg, Sergey"]
[Result "1-0"]
[WhiteElo "2396"]
[BlackElo "2633"]
[PlyCount "87"]
[EventDate "2014.05.??"]
[EventRounds "9"]
[EventCountry "USA"]
[SourceDate "2014.01.04"]

1. e4 c6 2. d4 d5 3. Nc3 dxe4 4. Nxe4 Bf5 5. Ng3 Bg6 6. h4 h6 7. Nf3 Nd7 8. h5
Bh7 9. Bd3 Bxd3 10. Qxd3 e6 11. Bf4 Qa5+ 12. Bd2 Bb4 13. c3 Be7 14. c4 Qc7 15.
O-O-O Ngf6 16. Qe2 b5 17. c5 Nd5 18. Ne1 a5 19. Nd3 a4 20. Kb1 O-O-O 21. f4 Kb8
22. Ne4 N7f6 23. Ne5 Nxe4 24. Qxe4 f5 25. Qe2 Rc8 26. Nf3 Nxf4 27. Bxf4 Qxf4
28. Rhe1 Bf6 29. Qxe6 Rhd8 30. Ne5 Bxe5 31. Qxe5+ Qxe5 32. Rxe5 Rf8 33. Kc2 Rf6
34. d5 cxd5 35. Rdxd5 g6 36. Kc3 Kc7 37. Re7+ Kc6 38. Kd4 f4 39. Ra7 Rcf8 40.
Rdd7 Rc8 41. hxg6 Rxg6 42. b4 axb3 43. a4 bxa4 44. Rdb7 1-0

[Event "23rd Chicago Open"]
[Site "Wheeling, IL"]
[Date "2014.05.23"]
[Round "2.3"]
[White "Sadorra, Julio"]
[Black "Lee, Michael"]
[Result "1-0"]
[WhiteElo "2611"]
[BlackElo "2394"]
[PlyCount "73"]
[EventDate "2014.05.??"]
[EventRounds "9"]
[EventCountry "USA"]
[SourceDate "2014.01.04"]

1. c4 Nf6 2. Nc3 e5 3. g3 Bb4 4. Bg2 O-O 5. Nf3 Re8 6. O-O e4 7. Ne1 Bxc3 8.
dxc3 h6 9. Nc2 d6 10. Ne3 Nc6 11. Qc2 a5 12. Bd2 Re5 13. f3 Qe8 14. Rae1 a4 15.
h3 Bd7 16. g4 Ra6 17. f4 Rc5 18. Rb1 Rca5 19. Be1 Qe6 20. Bh4 g5 21. Bg3 Qe7
22. Rf2 Nd8 23. fxg5 hxg5 24. Rbf1 d5 25. Qd2 dxc4 26. Rxf6 Rxf6 27. Rxf6 Qxf6
28. Qxd7 Ne6 29. Nd5 Rxd5 30. Qxd5 a3 31. bxa3 Qxc3 32. Kh2 Qc2 33. Qxe4 Qxa2
34. Be5 c6 35. Bc3 Qxa3 36. Qe5 Kf8 37. Qb8+ 1-0

[Event "23rd Chicago Open"]
[Site "Wheeling, IL"]
[Date "2014.05.23"]
[Round "2.4"]
[White "Santarius, Erik"]
[Black "Macieja, Bartlomiej"]
[Result "0-1"]
[WhiteElo "2337"]
[BlackElo "2605"]
[PlyCount "114"]
[EventDate "2014.05.??"]
[EventRounds "9"]
[EventCountry "USA"]
[SourceDate "2014.01.04"]

1. d4 Nf6 2. Nf3 e6 3. c4 b6 4. a3 Bb7 5. Nc3 d5 6. Bg5 Be7 7. e3 O-O 8. Qc2 c5
9. Rd1 cxd4 10. Nxd4 Nbd7 11. Be2 Rc8 12. Qb3 dxc4 13. Bxc4 Qc7 14. Bf1 Qc5 15.
Bh4 Qh5 16. Bg3 Nc5 17. Qa2 Nce4 18. Nxe4 Nxe4 19. Be2 Qa5+ 20. Kf1 Bf6 21. f3
Bxd4 22. exd4 Nf6 23. Qb1 Ba6 24. Bxa6 Qxa6+ 25. Kf2 Qc4 26. Rd2 Rc6 27. Rhd1
Rfc8 28. Be5 Nd5 29. Qe4 Qb3 30. Re1 Rc2 31. Ree2 Rxd2 32. Rxd2 Rc1 33. Re2 Qd1
34. Qg4 g6 35. f4 Rc2 36. Rxc2 Qxc2+ 37. Qe2 Qc8 38. g3 f6 39. Bd6 Qd7 40. Bb8
Ne7 41. Bxa7 Qxa7 42. Qxe6+ Kg7 43. d5 b5+ 44. Kf1 Nf5 45. g4 Nd4 46. Qe4 Qc5
47. b4 Qc4+ 48. Kf2 Kf7 49. g5 fxg5 50. fxg5 Qc2+ 51. Ke3 Qxe4+ 52. Kxe4 Nc2
53. Ke5 Ke7 54. d6+ Kd7 55. Kf6 Nxa3 56. Kg7 Nc4 57. Kxh7 Ne5 0-1

[Event "23rd Chicago Open"]
[Site "Wheeling, IL"]
[Date "2014.05.23"]
[Round "2.7"]
[White "Rizzitano, James"]
[Black "Margvelashvili, Giorgi"]
[Result "0-1"]
[WhiteElo "2316"]
[BlackElo "2550"]
[PlyCount "116"]
[EventDate "2014.05.??"]
[EventRounds "9"]
[EventCountry "USA"]
[SourceDate "2014.01.04"]

1. e4 c6 2. d4 d5 3. e5 Bf5 4. h4 h6 5. c4 e6 6. Nc3 Ne7 7. g4 Bh7 8. h5 dxc4
9. Bxc4 b5 10. Bb3 Nd7 11. Nge2 b4 12. Na4 Nd5 13. Nf4 Be7 14. Nxd5 cxd5 15.
Be3 Rc8 16. O-O O-O 17. Qd2 f5 18. exf6 Rxf6 19. f3 Rf7 20. Rae1 Bd6 21. Nc5
Bxc5 22. dxc5 Ne5 23. Bf4 Nd3 24. Bd6 Nxe1 25. Qxe1 Qf6 26. Qxb4 Qxb2 27. c6
Bd3 28. Rf2 Qc1+ 29. Kg2 Qxc6 30. Be5 Bh7 31. Kg3 Qc5 32. Qd2 Qc1 33. Qe2 Qc6
34. Qe3 a5 35. Rd2 Qc5 36. Bd4 Qd6+ 37. Kg2 Qd7 38. Re2 a4 39. Bd1 Re8 40. Be5
Qa7 41. Bd4 Qd7 42. Qe5 Qc7 43. Bxa4 Qxe5 44. Rxe5 Ra8 45. Bb3 Ra6 46. Kg3 Bd3
47. Re3 Bc4 48. Bc2 Bxa2 49. Bg6 Rb7 50. Kf4 Rb3 51. Rxb3 Bxb3 52. Ke5 Bd1 53.
Bd3 Ra3 54. Bb5 Bxf3 55. Kf4 Rb3 56. Bd7 Kf7 57. g5 Bxh5 58. gxh6 gxh6 0-1

[Event "23rd Chicago Open"]
[Site "Wheeling, IL"]
[Date "2014.05.23"]
[Round "2.9"]
[White "Nemcova, Katerina"]
[Black "Mitkov, Nikola"]
[Result "1-0"]
[WhiteElo "2282"]
[BlackElo "2511"]
[PlyCount "67"]
[EventDate "2014.05.??"]
[EventRounds "9"]
[EventCountry "USA"]
[SourceDate "2014.01.04"]

1. e4 e5 2. Nf3 Nc6 3. Bb5 Bc5 4. c3 Qf6 5. d4 exd4 6. e5 Qg6 7. cxd4 Bb4+ 8.
Nc3 d5 9. exd6 Qxd6 10. O-O Nge7 11. a3 Bxc3 12. bxc3 O-O 13. a4 Rd8 14. Re1 h6
15. h3 Qf6 16. Bc4 b6 17. Qe2 Ng6 18. Bd2 Bb7 19. Ba6 Bxa6 20. Qxa6 Na5 21.
Rad1 Qc6 22. Ne5 Nxe5 23. Rxe5 Nc4 24. Rc5 Qe4 25. Rxc4 Qe2 26. Rf1 Qxd2 27.
Rxc7 Re8 28. Qb7 Qf4 29. d5 Rad8 30. c4 Re4 31. g3 Qf5 32. Qxa7 Qxh3 33. Rxf7
Qg4 34. Qxb6 1-0

[Event "23rd Chicago Open"]
[Site "Wheeling, IL"]
[Date "2014.05.23"]
[Round "2.10"]
[White "Arjun, Vishnuvardhan"]
[Black "Troff, Kayden"]
[Result "0-1"]
[WhiteElo "2275"]
[BlackElo "2484"]
[PlyCount "78"]
[EventDate "2014.05.??"]
[EventRounds "9"]
[EventCountry "USA"]
[SourceDate "2014.01.04"]

1. e4 c5 2. Nf3 d6 3. d4 cxd4 4. Nxd4 Nf6 5. Nc3 a6 6. Bg5 e6 7. f4 Be7 8. Qf3
Qc7 9. O-O-O Nbd7 10. g4 h6 11. Bxf6 Bxf6 12. h4 Qb6 13. Nb3 Qc7 14. Nd4 Nc5
15. g5 Be7 16. g6 fxg6 17. b4 O-O 18. bxc5 dxc5 19. Nde2 b5 20. Kb1 b4 21. Na4
c4 22. Nb2 e5 23. h5 Rb8 24. Nc1 c3 25. Nbd3 g5 26. f5 Be6 27. Qg3 b3 28. axb3
Bxb3 29. Nxb3 Rxb3+ 30. cxb3 c2+ 31. Kc1 Qc3 32. b4 Bxb4 33. Nxb4 cxd1=Q+ 34.
Kxd1 Qxg3 35. Rh3 Rd8+ 36. Nd5 Qg4+ 37. Ke1 Qxe4+ 38. Ne3 g4 39. Rg3 Qf4 0-1

[Event "23rd Chicago Open"]
[Site "Wheeling, IL"]
[Date "2014.05.23"]
[Round "2.15"]
[White "Ostrovskiy, Aleksandr"]
[Black "Shankar, Gauri"]
[Result "0-1"]
[WhiteElo "2436"]
[BlackElo "2280"]
[PlyCount "96"]
[EventDate "2014.05.??"]
[EventRounds "9"]
[EventCountry "USA"]
[SourceDate "2014.01.04"]

1. e4 c5 2. Nf3 g6 3. d4 cxd4 4. Nxd4 Nc6 5. c4 Nf6 6. Nc3 d6 7. Be2 Nxd4 8.
Qxd4 Bg7 9. Be3 O-O 10. Qd2 a5 11. f3 a4 12. Rc1 Qa5 13. Rc2 Bd7 14. Kf2 Rfc8
15. Rhc1 Qd8 16. Rd1 Qc7 17. Rdc1 Qd8 18. Bd4 Bc6 19. b4 axb3 20. axb3 Qa5 21.
Rb1 Qb4 22. Nd5 Qxd2 23. Rxd2 Bxd5 24. cxd5 Nd7 25. Bxg7 Kxg7 26. Bb5 Ne5 27.
f4 Ng4+ 28. Kg3 Nf6 29. Bd3 Rc3 30. Kf2 Ra3 31. Ke3 Rcxb3 32. Rxb3 Rxb3 33. Kd4
Rb4+ 34. Ke3 Nd7 35. Ra2 Nc5 36. Bc2 Rc4 37. Rb2 b5 38. Bb1 b4 39. g3 b3 40. e5
f6 41. e6 f5 42. g4 fxg4 43. f5 gxf5 44. Bxf5 Kf6 45. Bxh7 Ke5 46. Rf2 Kxd5 47.
Rf7 Kxe6 48. Bg8 Re4+ 0-1

[Event "23rd Chicago Open"]
[Site "Wheeling, IL"]
[Date "2014.05.23"]
[Round "2.20"]
[White "Holt, Conrad"]
[Black "King, Alexander"]
[Result "1-0"]
[WhiteElo "2555"]
[BlackElo "2231"]
[PlyCount "69"]
[EventDate "2014.05.??"]
[EventRounds "9"]
[EventCountry "USA"]
[SourceDate "2014.01.04"]

1. d4 d5 2. c4 c6 3. Nf3 Nf6 4. Nc3 e6 5. Bg5 Be7 6. e3 O-O 7. Qc2 Nbd7 8. cxd5
Nxd5 9. Bxe7 Qxe7 10. Bc4 Nxc3 11. bxc3 c5 12. O-O b6 13. Qe4 Rb8 14. Bd3 g6
15. Qf4 Bb7 16. e4 cxd4 17. cxd4 f6 18. Rac1 Rbc8 19. Rc7 e5 20. Qc1 Rxc7 21.
Qxc7 Bc8 22. Qxa7 exd4 23. Nxd4 Qd6 24. Bc4+ Kh8 25. Nf3 Ne5 26. Nxe5 fxe5 27.
h3 Bd7 28. Bd5 Bb5 29. Rc1 Qf6 30. Rc2 Bd3 31. Rd2 Qf4 32. Qe7 Bb5 33. Rc2 Qf6
34. Qxf6+ Rxf6 35. Rc7 1-0

[Event "23rd Chicago Open"]
[Site "Wheeling, IL"]
[Date "2014.05.23"]
[Round "2.21"]
[White "Hoyos, Manuel"]
[Black "Song, Edward"]
[Result "1-0"]
[WhiteElo "2525"]
[BlackElo "2233"]
[PlyCount "87"]
[EventDate "2014.05.??"]
[EventRounds "9"]
[EventCountry "USA"]
[SourceDate "2014.01.04"]

1. c4 Nf6 2. g3 c6 3. Nf3 d5 4. Bg2 dxc4 5. O-O Nbd7 6. Qc2 Nb6 7. Na3 Be6 8.
Ne5 g6 9. Naxc4 Nxc4 10. Nxc4 Bg7 11. d3 O-O 12. Bd2 Nd5 13. Rfd1 Qd7 14. d4
Nb6 15. Na5 Qxd4 16. Bc3 Qa4 17. b3 Qb5 18. Bxg7 Kxg7 19. Nxb7 Nc4 20. bxc4
Qxb7 21. Qa4 Rac8 22. Rab1 Qc7 23. c5 Qe5 24. Qxa7 Qxe2 25. a4 Bd5 26. Re1 Qc2
27. Rbc1 Qd2 28. Red1 Qe2 29. Bxd5 cxd5 30. Rxd5 e6 31. Rd6 Qe5 32. Rd7 Qe4 33.
a5 Ra8 34. Qc7 Qa4 35. Qd6 Qxa5 36. Qxe6 Qa3 37. Qc4 Kg8 38. c6 Rac8 39. h4 h5
40. c7 Qa5 41. Rcd1 Qf5 42. Rd8 Qf6 43. R1d6 Qa1+ 44. Kh2 1-0

[Event "23rd Chicago Open"]
[Site "Wheeling, IL"]
[Date "2014.05.23"]
[Round "2.29"]
[White "Bayar, Anu"]
[Black "Jimenez, Fidel"]
[Result "1-0"]
[WhiteElo "1996"]
[BlackElo "2577"]
[PlyCount "67"]
[EventDate "2014.05.??"]
[EventRounds "9"]
[EventCountry "USA"]
[SourceDate "2014.01.04"]

1. d4 Nf6 2. c4 e6 3. g3 d5 4. Nf3 c6 5. Bg2 Nbd7 6. Qc2 b5 7. b3 bxc4 8. bxc4
Ba6 9. Nbd2 Nb6 10. Ne5 Rc8 11. c5 Nbd7 12. Ndf3 g6 13. Qa4 Bb5 14. Qxa7 Bg7
15. Bg5 O-O 16. Nxd7 Qxd7 17. Qxd7 Nxd7 18. Be7 Rfe8 19. Bd6 e5 20. a4 Ra8 21.
Kd2 Bxa4 22. dxe5 Nxe5 23. Nxe5 Bxe5 24. Bxe5 Rxe5 25. Ra3 Rae8 26. Rxa4 Rxe2+
27. Kd3 Rxf2 28. Bh3 Rb8 29. Bd7 Rf3+ 30. Kd4 Rf6 31. Ke5 Rf2 32. Bxc6 Kg7 33.
Rc1 Rd8 34. Ra8 1-0

[Event "23rd Chicago Open"]
[Site "Wheeling, IL"]
[Date "2014.05.23"]
[Round "2.37"]
[White "Aripov, Iskandar"]
[Black "Lucente, Mike"]
[Result "1-0"]
[WhiteElo "2231"]
[BlackElo "2048"]
[PlyCount "91"]
[EventDate "2014.05.??"]
[EventRounds "9"]
[EventCountry "USA"]
[SourceDate "2014.01.04"]

1. d4 d6 2. e4 Nf6 3. Nd2 e5 4. c3 Be7 5. Ngf3 Nbd7 6. Bd3 O-O 7. O-O c6 8. Qe2
Re8 9. Rd1 Bf8 10. dxe5 Nxe5 11. Nxe5 dxe5 12. Nc4 Qc7 13. Bg5 Be7 14. a4 Be6
15. h3 Nd7 16. Bd2 a5 17. Bc2 Bf8 18. b4 b6 19. Rdb1 Reb8 20. Ne3 g6 21. Ng4 h5
22. Nh6+ Kh7 23. Nf5 Nf6 24. Bg5 Ng8 25. Ng3 f6 26. Be3 h4 27. Nf1 Ne7 28. Nd2
Nc8 29. Nf3 g5 30. Bxg5 Qg7 31. Bxh4 Bxh3 32. Ne1 Be6 33. Qh5+ Kg8 34. Bb3 Bxb3
35. Rxb3 Nd6 36. Qf3 Be7 37. Nc2 Qg6 38. Re1 Kf7 39. bxa5 bxa5 40. Rxb8 Rxb8
41. Qd3 Qg4 42. Bg3 Rb3 43. Bh2 Qe6 44. Qf3 Qc4 45. Bxe5 Rb2 46. Nd4 1-0

[Event "23rd Chicago Open"]
[Site "Wheeling, IL"]
[Date "2014.05.23"]
[Round "2.42"]
[White "Sciupokas, Arunas"]
[Black "Haessel, Dale"]
[Result "0-1"]
[WhiteElo "1946"]
[BlackElo "2181"]
[PlyCount "130"]
[EventDate "2014.05.??"]
[EventRounds "9"]
[EventCountry "USA"]
[SourceDate "2014.01.04"]

1. e4 e5 2. Nf3 Nf6 3. Nc3 Bb4 4. Bc4 d6 5. O-O Nc6 6. d3 Bg4 7. Nd5 Nxd5 8.
exd5 Ne7 9. c3 Bc5 10. h3 Bh5 11. g4 Bg6 12. d4 exd4 13. Bb5+ c6 14. dxc6 bxc6
15. cxd4 Bb6 16. Ba4 O-O 17. Be3 Be4 18. Bc2 Bd5 19. Nh4 Re8 20. Qd2 Be6 21.
Be4 Qd7 22. Bg2 h5 23. f3 Nd5 24. Bf2 Bd8 25. f4 hxg4 26. hxg4 Bxg4 27. Rae1
Bf6 28. Nf3 Qf5 29. Nh4 Qh5 30. Bxd5 cxd5 31. Rxe8+ Rxe8 32. Ng2 Re2 33. Qc3
Bf3 34. Qc8+ Kh7 35. Re1 Rxe1+ 36. Bxe1 Bxd4+ 37. Bf2 Bxf2+ 38. Kxf2 Be4 39.
Qc3 Qh2 40. Qg3 Qxg3+ 41. Kxg3 d4 42. Nh4 d5 43. b4 Kg8 44. Nf3 d3 45. Nd2 Kf8
46. Kf2 Ke7 47. Ke3 Kd6 48. Nb3 f6 49. a4 g5 50. fxg5 fxg5 51. Nd2 Ke5 52. b5
d4+ 53. Kf2 Bd5 54. Kg3 Be6 55. Kf3 Kd5 56. Kf2 Bf5 57. a5 Bd7 58. b6 axb6 59.
axb6 Kc6 60. Nb3 Kxb6 61. Nxd4 Kc5 62. Nf3 g4 63. Ne5 Kd4 64. Nxd7 g3+ 65. Kxg3
d2 0-1

[Event "23rd Chicago Open"]
[Site "Wheeling, IL"]
[Date "2014.05.23"]
[Round "3.1"]
[White "Bregadze, Levan"]
[Black "Sadorra, Julio"]
[Result "1-0"]
[WhiteElo "2428"]
[BlackElo "2611"]
[PlyCount "43"]
[EventDate "2014.05.??"]
[EventRounds "9"]
[EventCountry "USA"]
[SourceDate "2014.01.04"]

1. Nf3 Nf6 2. c4 g6 3. g3 Bg7 4. Bg2 O-O 5. O-O d6 6. Nc3 e5 7. d3 h6 8. Rb1
Re8 9. b4 c6 10. b5 e4 11. dxe4 Nxe4 12. Nxe4 Rxe4 13. Bf4 Rxc4 14. Ne5 Rc5 15.
bxc6 bxc6 16. Nxf7 Kxf7 17. Bxd6 Rc4 18. Bxb8 Qe7 19. Bd5+ cxd5 20. Qxd5+ Qe6
21. Qxa8 Bd7 22. Rb7 1-0

[Event "23rd Chicago Open"]
[Site "Wheeling, IL"]
[Date "2014.05.23"]
[Round "3.2"]
[White "Macieja, Bartlomiej"]
[Black "Gurevich, Dmitry"]
[Result "1-0"]
[WhiteElo "2605"]
[BlackElo "2475"]
[PlyCount "77"]
[EventDate "2014.05.??"]
[EventRounds "9"]
[EventCountry "USA"]
[SourceDate "2014.01.04"]

1. e4 c5 2. Nf3 d6 3. d4 cxd4 4. Qxd4 a6 5. h3 e6 6. c4 Nf6 7. Nc3 Be7 8. Be2
O-O 9. O-O b6 10. Rd1 Qc7 11. e5 dxe5 12. Qxe5 Qa7 13. Qg3 Nh5 14. Qh2 Nf6 15.
Ne5 Bb7 16. Na4 Ne4 17. Be3 Nc5 18. Nxc5 Bxc5 19. Bxc5 bxc5 20. Rd6 Be4 21.
Rad1 Qc7 22. Qg3 Ra7 23. Bf3 Bd5 24. Ng4 Bxf3 25. Nf6+ Kh8 26. Qxf3 Rb7 27. Nh5
Qe7 28. b3 Ra7 29. Qg3 f6 30. Nf4 e5 31. Ne6 Rg8 32. Nxc5 a5 33. Qf3 h6 34. Qd5
Kh7 35. Qd3+ Kh8 36. Qd5 Kh7 37. a3 Rc7 38. b4 axb4 39. axb4 1-0

[Event "23rd Chicago Open"]
[Site "Wheeling, IL"]
[Date "2014.05.23"]
[Round "3.3"]
[White "Shankar, Gauri"]
[Black "Kaidanov, Gregory S"]
[Result "1/2-1/2"]
[WhiteElo "2280"]
[BlackElo "2575"]
[PlyCount "46"]
[EventDate "2014.05.??"]
[EventRounds "9"]
[EventCountry "USA"]
[SourceDate "2014.01.04"]

1. e4 e5 2. Nf3 Nc6 3. Bb5 a6 4. Ba4 Nf6 5. d3 d6 6. c3 g6 7. Nbd2 Bg7 8. Nf1
h6 9. Ng3 O-O 10. O-O Re8 11. h3 b5 12. Bc2 Bb7 13. Nh2 d5 14. Qf3 d4 15. a3
Qe7 16. Ne2 Rad8 17. Ng4 Nxg4 18. Qxg4 h5 19. Qg3 h4 20. Qg5 Bf6 21. Qh6 Bg7
22. Qg5 Bf6 23. Qh6 Bg7 1/2-1/2

[Event "23rd Chicago Open"]
[Site "Wheeling, IL"]
[Date "2014.05.23"]
[Round "3.5"]
[White "Margvelashvili, Giorgi"]
[Black "Harmon Vellotti, Luke"]
[Result "1/2-1/2"]
[WhiteElo "2550"]
[BlackElo "2396"]
[PlyCount "61"]
[EventDate "2014.05.??"]
[EventRounds "9"]
[EventCountry "USA"]
[SourceDate "2014.01.04"]

1. Nf3 Nf6 2. c4 e6 3. Nc3 b6 4. e4 Bb7 5. Bd3 d6 6. Bc2 c5 7. d4 cxd4 8. Nxd4
a6 9. b3 Be7 10. O-O O-O 11. Bb2 Nc6 12. Nxc6 Bxc6 13. Qd3 Re8 14. Rfe1 g6 15.
a4 Qc7 16. Rad1 Rad8 17. h3 Nd7 18. Qd4 e5 19. Qd2 Nc5 20. Nd5 Bxd5 21. cxd5 a5
22. Rc1 Rc8 23. Bd1 Qd8 24. Rc3 Rf8 25. Bc2 Bg5 26. Qe2 Bh6 27. Ba3 Qd7 28. h4
Nb7 29. Rxc8 Rxc8 30. Bd3 Nc5 31. Bxc5 1/2-1/2